| 000 | 00921cam a2200241 i 4500 | ||
|---|---|---|---|
| 003 | SA-RiAUC | ||
| 005 | 20250829135158.0 | ||
| 008 | 250828s2001 le g 000 0 ara c | ||
| 040 |
_aSA-RiAUC _bara _cSA-RiAUC _erda |
||
| 082 | 0 | 4 | _a330.121 |
| 090 |
_a330.121 _bع ش ق |
||
| 100 | 1 |
_aعشقي، أنور ماجد، _d1362 هجري- _eمؤلف. |
|
| 245 | 1 | 2 |
_aالبناء الاقتصادي في عهد النبوة / _cأنور ماجد عشقي. |
| 264 | 1 |
_aبيروت : _aجدة، السعودية : _bدار خضر ؛ _bدار الشروق، _c2001 |
|
| 300 |
_a231 صفحة ؛ _c24 سم. |
||
| 336 |
_aنص _btxt _2rdacontent _3كتاب |
||
| 337 |
_aبدون وسيط _bn _2rdamedia |
||
| 338 |
_aمجلد _bnc _2rdacarrier |
||
| 440 | 2 |
_aالمدينة في عهد النبوة _v4 |
|
| 650 | 7 |
_aالإسلام والاقتصاد _2aucsh |
|
| 942 |
_2ddc _cBOOK _n0 |
||
| 949 |
_aSA-JeALM _d250828 _umohamedma123 _n1 |
||
| 999 |
_c11263 _d11263 |
||